| 000 | 00610nam a2200169 a 4500 | ||
|---|---|---|---|
| 005 | 20230526063523.0 | ||
| 008 | 991125s1949 mx 000 0 spa u | ||
| 035 | _aUPN01000026773 | ||
| 049 | _aLT | ||
| 050 | 4 |
_aLB1633 M6.1 _bG3.3 1949 |
|
| 100 | 1 | _aGarza de del Castillo, Ofelia | |
| 245 | 1 | 0 |
_aGuía de estudio de la lengua española : _bpara uso de los alumnos de las escuelas de segunda enseñanza : primer año / _cOfelia Garza de del Castillo. |
| 260 |
_aMéxico : _b[s.n.], _c1949. |
||
| 300 | _axx, 249 p. | ||
| 650 | 4 |
_aEspañol _xGramática _xEstudio y enseñanza (Secundaria) _917028 |
|
| 905 | _aLibro | ||
| 999 |
_c26773 _d26773 |
||